[Event "BL 0304 SG Köln Porz - TV Tegernsee"]
[Site "Plauen"]
[Date "2003.12.14"]
[Round "6.1"]
[White "Khenkin, Igor"]
[Black "Lutz, Christopher"]
[Result "1/2-1/2"]
[WhiteElo "2627"]
[BlackElo "2613"]
[PlyCount "52"]
[EventDate "2003.12.13"]

1. Nf3 Nf6 2. c4 b6 3. Nc3 Bb7 4. d4 e6 5. a3 d5 6. cxd5 Nxd5 7. Bd2 Nd7 8.
Nxd5 Bxd5 9. Qc2 Rc8 10. e4 Bb7 11. Bc3 Be7 12. d5 exd5 13. exd5 Bf6 14. O-O-O
Bxc3 15. Qxc3 O-O 16. Bb5 Nc5 17. Rhe1 Bxd5 18. Bc6 Bxc6 19. Rxd8 Rcxd8 20. Ne5
Ba4 21. b4 Nb3+ 22. Kb1 c5 23. Nc4 cxb4 24. Qxb4 Nc5 25. Nb2 Bc6 26. f3 Rd7
1/2-1/2

[Event "BL 0304 SG Köln Porz - TV Tegernsee"]
[Site "Plauen"]
[Date "2003.12.14"]
[Round "6.2"]
[White "Van Wely, Loek"]
[Black "Sokolov, Andrei"]
[Result "1/2-1/2"]
[WhiteElo "2654"]
[BlackElo "2584"]
[PlyCount "92"]
[EventDate "2003.12.13"]

1. Nf3 Nf6 2. c4 c5 3. Nc3 Nc6 4. g3 d5 5. d4 e6 6. cxd5 Nxd5 7. Bg2 Be7 8. O-O
O-O 9. e4 Nxc3 10. bxc3 b5 11. Bf4 cxd4 12. cxd4 Bf6 13. Rc1 Bb7 14. d5 exd5
15. exd5 Ne7 16. d6 Ng6 17. Be3 Rc8 18. Rxc8 Qxc8 19. Bxa7 Qa8 20. Bc5 Ne5 21.
Nxe5 Bxg2 22. Re1 Bxe5 23. Rxe5 Bh3 24. Qd5 Qxd5 25. Rxd5 f6 26. f3 Bd7 27. Rd2
h5 28. Kf2 Kf7 29. Bb4 Re8 30. a3 g5 31. h4 g4 32. fxg4 Bxg4 33. d7 Rd8 34. Rd5
Rxd7 35. Rxb5 Rd3 36. a4 Rf3+ 37. Kg2 Rb3 38. a5 Rb2+ 39. Kg1 Be2 40. Rb6 Bc4
41. Bc3 Rxb6 42. axb6 Bd5 43. Kf2 f5 44. Ke3 Ke6 45. Kf4 Kd7 46. Kxf5 Bf3
1/2-1/2

[Event "BL 0304 SG Köln Porz - TV Tegernsee"]
[Site "Plauen"]
[Date "2003.12.14"]
[Round "6.4"]
[White "Beliavsky, Alexander G"]
[Black "Bischoff, Klaus"]
[Result "1-0"]
[WhiteElo "2667"]
[BlackElo "2564"]
[PlyCount "51"]
[EventDate "2003.12.13"]

1. d4 d5 2. c4 dxc4 3. e4 Nf6 4. e5 Nd5 5. Bxc4 Nb6 6. Bd3 Nc6 7. Ne2 e6 8.
Nbc3 Bd7 9. Be4 Qe7 10. a4 a6 11. a5 Nc4 12. Bxc6 Bxc6 13. b3 Nxa5 14. Rxa5
Bxg2 15. Rg1 Bc6 16. Ba3 Qh4 17. Bxf8 Kxf8 18. Qc1 Qxh2 19. Qa3+ Kg8 20. Qe7 h5
21. d5 exd5 22. e6 Rf8 23. Nxd5 Rh6 24. Qg5 Qxg1+ 25. Qxg1 Rxe6 26. Ndf4 1-0

[Event "BL 0304 SG Köln Porz - TV Tegernsee"]
[Site "Plauen"]
[Date "2003.12.14"]
[Round "6.5"]
[White "Boensch, Uwe"]
[Black "Graf, Alexander"]
[Result "1/2-1/2"]
[WhiteElo "2545"]
[BlackElo "2646"]
[PlyCount "98"]
[EventDate "2003.12.13"]

1. d4 g6 2. e4 Bg7 3. Nf3 d6 4. Be2 Nf6 5. Nc3 O-O 6. O-O a6 7. Re1 Nc6 8. d5
Ne5 9. Nxe5 dxe5 10. Be3 e6 11. Bc5 Re8 12. Bc4 exd5 13. Nxd5 Be6 14. Nxf6+
Qxf6 15. Bb3 Bh6 16. Qe2 b6 17. Bb4 a5 18. Bc3 Bf8 19. Red1 Red8 20. Bxe6 Qxe6
21. b3 Bb4 22. Bb2 Bc5 23. Rd5 Rxd5 24. exd5 Qxd5 25. Rd1 Qe6 26. Qxe5 Qxe5 27.
Bxe5 Re8 28. Bf6 Re6 29. Rd8+ Bf8 30. Bc3 Rc6 31. Bd2 Kg7 32. c4 Be7 33. Rd7
Kf6 34. Kf1 Bd6 35. h3 a4 36. Ke2 axb3 37. axb3 b5 38. cxb5 Rb6 39. Ba5 Rb7 40.
b6 Ke6 41. Rd8 cxb6 42. Bd2 Ra7 43. Be3 Ra2+ 44. Kd3 b5 45. g4 Rb2 46. Kc3 Rb1
47. Re8+ Kd5 48. Rd8 Ke6 49. Re8+ Kd5 1/2-1/2

[Event "BL 0304 SG Köln Porz - TV Tegernsee"]
[Site "Plauen"]
[Date "2003.12.14"]
[Round "6.6"]
[White "Gurevich, Mikhail"]
[Black "Beim, Valery"]
[Result "1-0"]
[WhiteElo "2656"]
[BlackElo "2518"]
[PlyCount "91"]
[EventDate "2003.12.13"]

1. d4 d5 2. c4 c6 3. Nf3 Nf6 4. e3 a6 5. Bd3 b5 6. b3 Bg4 7. Nbd2 e6 8. Qc2
Nbd7 9. Bb2 Bh5 10. O-O Be7 11. Rac1 Bg6 12. e4 bxc4 13. bxc4 dxe4 14. Nxe4
Nxe4 15. Bxe4 O-O 16. Bxg6 hxg6 17. Rfd1 Qc7 18. Bc3 Rab8 19. Qd2 Rb7 20. d5
Ba3 21. Rc2 cxd5 22. cxd5 Qd6 23. dxe6 Qxe6 24. Bxg7 Kxg7 25. Qc3+ Nf6 26. Qxa3
Rfb8 27. h3 Rb1 28. Rxb1 Rxb1+ 29. Kh2 Ne4 30. Qe3 Qd6+ 31. g3 Qd1 32. Qd4+
Qxd4 33. Nxd4 Rd1 34. Nb3 Rd3 35. Kg2 Rd6 36. h4 f5 37. Kf3 g5 38. Ke3 gxh4 39.
gxh4 Kg6 40. f3 Nf6 41. Kf4 Rd8 42. Rc6 a5 43. Ra6 a4 44. Nc5 Rd4+ 45. Ke3 Rd5
46. Nd3 1-0

[Event "BL 0304 SG Köln Porz - TV Tegernsee"]
[Site "Plauen"]
[Date "2003.12.14"]
[Round "6.7"]
[White "Hertneck, Gerald"]
[Black "Hansen, Curt"]
[Result "1/2-1/2"]
[WhiteElo "2524"]
[BlackElo "2616"]
[PlyCount "82"]
[EventDate "2003.12.13"]

1. d4 Nf6 2. c4 e6 3. Nf3 b6 4. g3 Ba6 5. Nbd2 Bb4 6. Qc2 c5 7. dxc5 Bxc5 8. a3
Bb7 9. b4 Be7 10. Bg2 d6 11. Bb2 Qc7 12. O-O O-O 13. Rfc1 a6 14. Qd1 Rd8 15.
Qf1 Nc6 16. Ne1 Rac8 17. Nd3 Qb8 18. Bf3 Na7 19. Qg2 Bxf3 20. Qxf3 b5 21. cxb5
axb5 22. Nb3 e5 23. Qg2 Nd7 24. Na5 Nb6 25. Rxc8 Rxc8 26. Re1 Nc4 27. Bc1 Bd8
28. Rd1 Bxa5 29. bxa5 Nc6 30. Nb4 N6xa5 31. Qf3 Qb7 32. Nd5 Qd7 33. h4 Nc6 34.
e3 f5 35. Qe2 e4 36. a4 Ne7 37. axb5 Nxd5 38. Rxd5 Nb6 39. Rd1 Nc4 40. Rd5 Nb6
41. Rd1 Nc4 1/2-1/2

[Event "BL 0304 SG Köln Porz - TV Tegernsee"]
[Site "Plauen"]
[Date "2003.12.14"]
[Round "6.8"]
[White "Kengis, Edwin"]
[Black "Teske, Henrik"]
[Result "1/2-1/2"]
[WhiteElo "2572"]
[BlackElo "2518"]
[PlyCount "30"]
[EventDate "2003.12.13"]

1. Nf3 Nf6 2. c4 e6 3. g3 b6 4. Bg2 Bb7 5. O-O Be7 6. Nc3 O-O 7. Re1 d5 8. cxd5
exd5 9. d4 c5 10. Bf4 Nc6 11. dxc5 bxc5 12. Ne5 Nd4 13. Nd3 Ne6 14. Be5 Qd7 15.
Rc1 Rac8 1/2-1/2

[Event "BL 0304 SF Katernberg - SK König Plauen"]
[Site "Plauen"]
[Date "2003.12.14"]
[Round "6.1"]
[White "Kindermann, Stefan"]
[Black "Volokitin, Andrei"]
[Result "1/2-1/2"]
[WhiteElo "2542"]
[BlackElo "2594"]
[PlyCount "93"]
[EventDate "2003.12.13"]

1. e4 c5 2. Nf3 e6 3. d3 Nc6 4. g3 Nge7 5. Bg2 g6 6. h4 h6 7. c3 Bg7 8. O-O e5
9. a3 O-O 10. b4 b6 11. b5 Na5 12. c4 d6 13. Nh2 Be6 14. h5 f5 15. exf5 gxf5
16. Bxa8 Qxa8 17. Bb2 d5 18. Re1 d4 19. Nd2 Bf7 20. g4 Kh8 21. gxf5 Qe8 22. Qg4
Bxh5 23. Qh3 Rxf5 24. Ne4 Bg6 25. Ng3 Rf7 26. Rad1 Nf5 27. Ne4 Qe7 28. Bc1 Nh4
29. f4 Bh5 30. Rd2 exf4 31. Rf2 f3 32. Bd2 Qd8 33. Bxa5 bxa5 34. Nxc5 Qg5+ 35.
Kh1 Nf5 36. Ne4 Qh4 37. Qxh4 Nxh4 38. c5 Bg6 39. c6 Be5 40. Ng4 Bf4 41. Rc2 Ng2
42. Rxg2 fxg2+ 43. Kxg2 Rg7 44. Kf3 Rf7 45. Kg2 Rg7 46. Kf3 Rf7 47. Kg2 1/2-1/2

[Event "BL 0304 SF Katernberg - SK König Plauen"]
[Site "Plauen"]
[Date "2003.12.14"]
[Round "6.2"]
[White "Chuchelov, Vladimir"]
[Black "Espig, Lutz"]
[Result "1/2-1/2"]
[WhiteElo "2603"]
[BlackElo "2429"]
[PlyCount "99"]
[EventDate "2003.12.13"]

1. d4 Nf6 2. Nf3 d6 3. c4 Nbd7 4. Nc3 e5 5. e4 Be7 6. Be2 O-O 7. O-O c6 8. Re1
a6 9. h3 Qc7 10. Bg5 b5 11. a3 Bb7 12. Rc1 Qb8 13. b4 Re8 14. Bf1 h6 15. Bh4
Nh7 16. Bxe7 Rxe7 17. Qd2 Nhf6 18. Nh4 Nf8 19. Nf5 Rd7 20. a4 a5 21. cxb5 axb4
22. bxc6 Bxc6 23. Nd5 Bxd5 24. exd5 Rxa4 25. dxe5 dxe5 26. d6 Ng6 27. Rc5 Qa7
28. Rc8+ Kh7 29. Bb5 Ra2 30. Qe3 b3 31. Bxd7 Qxd7 32. Qxb3 Rd2 33. Rc2 Rd5 34.
g4 e4 35. Rc7 Qe6 36. Ne3 Rxd6 37. Qxe6 Rxe6 38. Ra1 Ne5 39. Raa7 h5 40. g5
Nf3+ 41. Kg2 Nxg5 42. h4 Nf3 43. Rxf7 Ne8 44. Kg3 Rg6+ 45. Kf4 Nxh4 46. Nd5 Nd6
47. Rf8 Rg2 48. Rd8 Nhf5 49. Ke5 Rxf2 50. Rxd6 1/2-1/2

[Event "BL 0304 SF Katernberg - SK König Plauen"]
[Site "Plauen"]
[Date "2003.12.14"]
[Round "6.3"]
[White "Priehoda, Viteslav"]
[Black "Glek, Igor V"]
[Result "1/2-1/2"]
[WhiteElo "2372"]
[BlackElo "2555"]
[PlyCount "65"]
[EventDate "2003.12.13"]

1. d4 Nf6 2. c4 g6 3. Nf3 Bg7 4. g3 c6 5. Bg2 d5 6. cxd5 cxd5 7. Nc3 Ne4 8. Bd2
Nc6 9. O-O O-O 10. e3 Bg4 11. h3 Bxf3 12. Bxf3 Nxc3 13. Bxc3 Qd7 14. a4 Rfc8
15. Qb3 e6 16. Rfc1 Bf8 17. Rc2 Ne7 18. Rac1 Nf5 19. Be2 a6 20. Bd3 Rc6 21. Bd2
Rac8 22. Rxc6 Rxc6 23. Rxc6 Qxc6 24. Qc2 Qd7 25. Bxf5 gxf5 26. b3 Bd6 27. Ba5
Qc6 28. Qd2 b6 29. Bb4 Bxb4 30. Qxb4 Qc7 31. Kg2 Kg7 32. Qd2 Qc6 33. Qb4
1/2-1/2

[Event "BL 0304 SF Katernberg - SK König Plauen"]
[Site "Plauen"]
[Date "2003.12.14"]
[Round "6.4"]
[White "Romero Holmes, Alfonso"]
[Black "Sandner, Gunter"]
[Result "0-1"]
[WhiteElo "2544"]
[BlackElo "2311"]
[PlyCount "76"]
[EventDate "2003.12.13"]

1. d4 g6 2. e4 Bg7 3. Nc3 d6 4. Bc4 c6 5. Bb3 Nf6 6. f4 O-O 7. Nf3 a5 8. a4 Na6
9. O-O Rb8 10. Kh1 b5 11. e5 Ne8 12. e6 f5 13. axb5 cxb5 14. Nd5 Nac7 15. Nxc7
Qxc7 16. c3 Nf6 17. Bd2 a4 18. Ba2 d5 19. Qe1 Rb6 20. Qh4 Bxe6 21. Ng5 Qd7 22.
Rae1 Bf7 23. Re3 h6 24. Nf3 Ne4 25. Be1 g5 26. fxg5 f4 27. Re2 hxg5 28. Nxg5
Rh6 29. Qxf4 Rf6 30. Rxe4 Rxf4 31. Rexf4 Bg6 32. Rxf8+ Bxf8 33. Nf3 Be4 34. Bg3
b4 35. cxb4 Qb5 36. Nd2 Bh6 37. Bf4 Bxf4 38. Rxf4 Qe2  0-1

[Event "BL 0304 SF Katernberg - SK König Plauen"]
[Site "Plauen"]
[Date "2003.12.14"]
[Round "6.5"]
[White "Kuraszkiewicz, Michael"]
[Black "Moreno Carnero, Javier"]
[Result "1/2-1/2"]
[WhiteElo "2304"]
[BlackElo "2516"]
[PlyCount "122"]
[EventDate "2003.12.13"]

1. d4 Nf6 2. c4 g6 3. Nc3 Bg7 4. e4 d6 5. h3 O-O 6. Bg5 Qe8 7. Nf3 Na6 8. g4 c5
9. d5 e6 10. Be3 exd5 11. exd5 Nc7 12. Be2 b5 13. Nd2 b4 14. Na4 Nd7 15. Kf1 f5
16. gxf5 Rxf5 17. Kg2 Nb6 18. Nxb6 axb6 19. Qc2 Rf8 20. Bg4 Bf5 21. Bxf5 Rxf5
22. a3 bxa3 23. Rxa3 Rxa3 24. bxa3 b5 25. Ne4 Qd7 26. Ng3 Rf8 27. Rd1 Ra8 28.
Bc1 bxc4 29. Qxc4 Qa4 30. Qxa4 Rxa4 31. f3 Nb5 32. Ne4 Be5 33. Re1 Nxa3 34. f4
Nc2 35. Re2 Nd4 36. Rb2 Nf5 37. Rb8+ Kg7 38. Nxc5 Ra2+ 39. Kf3 Bd4 40. Ne6+ Kh6
41. Ke4 Bf6 42. Rb7 Rc2 43. Rc7 Rh2 44. Ng5 Be7 45. Kf3 Kh5 46. Nxh7 Rxh3+ 47.
Ke2 Kg4 48. Ng5 Nd4+ 49. Kf2 Rh2+ 50. Ke3 Nf5+ 51. Kd3 Bxg5 52. fxg5 Kf3 53.
Rf7 Rh1 54. Bd2 Rh3 55. Rf6 Kg4+ 56. Ke4 Rh2 57. Kd3 Kh5 58. Bf4 Rh4 59. Ke4
Rh3 60. Rxf5 gxf5+ 61. Kxf5 Rf3 1/2-1/2

[Event "BL 0304 SF Katernberg - SK König Plauen"]
[Site "Plauen"]
[Date "2003.12.14"]
[Round "6.6"]
[White "Senff, Martin"]
[Black "Dirr, Ulrich"]
[Result "1-0"]
[WhiteElo "2446"]
[BlackElo "2299"]
[PlyCount "61"]
[EventDate "2003.12.13"]

1. e4 e6 2. d4 d5 3. Nc3 Bb4 4. Nge2 Nc6 5. a3 Bxc3+ 6. Nxc3 dxe4 7. d5 exd5 8.
Qxd5 Nge7 9. Qxd8+ Nxd8 10. Nxe4 Bf5 11. Bd3 Ne6 12. Bd2 O-O-O 13. O-O-O Bg6
14. Rhe1 Nf5 15. Ng5 Nxg5 16. Bxg5 Rde8 17. f3 f6 18. Bf4 Nh4 19. Bf1 Bf7
20. Bg3 Nf5 21. Bf2 a6 22. Bd3 Bg6 23. Bc4 Rxe1 24. Rxe1 Nd6 25. Be6+ Kb8 26.
Bd7 Rf8 27. Bc5 b6 28. Bxd6 cxd6 29. Re7 Rf7 30. Re8+ Kb7 31. Be6 1-0

[Event "BL 0304 SF Katernberg - SK König Plauen"]
[Site "Plauen"]
[Date "2003.12.14"]
[Round "6.7"]
[White "Pfretzschner, Roland"]
[Black "Thesing, Matthias"]
[Result "1-0"]
[WhiteElo "2222"]
[BlackElo "2437"]
[PlyCount "121"]
[EventDate "2003.12.13"]

1. e4 c5 2. Nf3 e6 3. d4 cxd4 4. Nxd4 a6 5. Nc3 b5 6. g3 Bb7 7. Bg2 b4 8. Na4
Qa5 9. b3 Nf6 10. Qe2 Nc6 11. Be3 Nxd4 12. Bxd4 e5 13. Bb2 Bc6 14. O-O Bb5 15.
Qd2 Bxf1 16. Rxf1 d6 17. f4 Be7 18. a3 Rb8 19. axb4 Qxb4 20. Qxb4 Rxb4 21. fxe5
dxe5 22. Bxe5 O-O 23. Bb2 Ng4 24. Re1 Rc8 25. Bf3 h5 26. Re2 Bd6 27. h3 Ne5 28.
Bxh5 g6 29. Bg4 Nxg4 30. hxg4 Rb7 31. Rh2 f6 32. Bxf6 Rh7 33. Re2 Kf7 34. e5
Bb8 35. g5 Ke6 36. b4 Ba7+ 37. Kg2 Rc4 38. c3 Rd7 39. Rc2 Rd3 40. Kh3 Bd4 41.
Ra2 Bg1 42. Rg2 Be3 43. Nb2 Rdxc3 44. Nxc4 Rxc4 45. Ra2 Rc6 46. Kg4 Bd4 47. Kf3
Rb6 48. Rc2 Bxe5 49. Re2 Rb5 50. Bxe5 Rxe5 51. Ra2 Rb5 52. Rxa6+ Kf7 53. Rf6+
Kg7 54. Rf4 Rxg5 55. Rc4 Rf5+ 56. Ke2 Re5+ 57. Kd3 Rg5 58. g4 Rb5 59. Re4 Rb8
60. Kc4 Rc8+ 61. Kd5 1-0

[Event "BL 0304 SF Katernberg - SK König Plauen"]
[Site "Plauen"]
[Date "2003.12.14"]
[Round "6.8"]
[White "Souleidis, Georgios"]
[Black "Espig, Thomas"]
[Result "0-1"]
[WhiteElo "2401"]
[BlackElo "2300"]
[PlyCount "58"]
[EventDate "2003.12.13"]

1. e4 g6 2. d4 Bg7 3. Nc3 d6 4. Nf3 e6 5. Be2 b6 6. Be3 Ne7 7. Qd2 h6 8. O-O
Bb7 9. d5 e5 10. Ne1 Nd7 11. f4 exf4 12. Bxf4 a6 13. Nf3 Ne5 14. Rad1 Nxf3+ 15.
Bxf3 Qd7 16. h3 O-O-O 17. Bg4 f5 18. exf5 gxf5 19. Bf3 Ng6 20. Bh2 Kb8 21. b3
Rhg8 22. Ne2 Rde8 23. Nd4 Nh4 24. c4 Bf6 25. Kh1 Qg7 26. Rf2 Bxd4 27. Qxd4 Re1+
28. Bg1 Rxg1+ 29. Kxg1 Nxf3+ 0-1

[Event "BL 0304 SC Baden Oos - Bremer SG"]
[Site "Bremen"]
[Date "2003.12.14"]
[Round "6.2"]
[White "Shirov, Alexei"]
[Black "Bacrot, Etienne"]
[Result "1-0"]
[WhiteElo "2737"]
[BlackElo "2664"]
[PlyCount "61"]
[EventDate "2003.12.13"]

1. e4 e5 2. Nf3 Nc6 3. Bb5 a6 4. Ba4 Nf6 5. O-O Be7 6. Re1 b5 7. Bb3 O-O 8. c3
d5 9. d4 exd4 10. e5 Ne4 11. cxd4 Bg4 12. Nc3 Bxf3 13. gxf3 Nxc3 14. bxc3 f5
15. Kh1 Na5 16. Rg1 Qd7 17. Qe2 Qe6 18. Bg5 c6 19. Bc2 Ra7 20. f4 Kh8 21. Qh5
Ba3 22. Rg3 Nc4 23. Rag1 Qf7 24. Qh4 Nd2 25. Rh3 Qg8 26. f3 Nc4 27. Bd3 Nb2 28.
Bb1 Nc4 29. Bf6 Nd6 30. Be7 Rxe7 31. Qxe7 1-0

[Event "BL 0304 SC Baden Oos - Bremer SG"]
[Site "Bremen"]
[Date "2003.12.14"]
[Round "6.3"]
[White "Landa, Konstantin"]
[Black "Vallejo Pons, Francisco"]
[Result "1/2-1/2"]
[WhiteElo "2587"]
[BlackElo "2662"]
[PlyCount "43"]
[EventDate "2003.12.13"]

1. Nf3 Nf6 2. c4 c6 3. d4 d5 4. Qb3 dxc4 5. Qxc4 Bf5 6. g3 e6 7. Bg2 Nbd7 8.
O-O Be7 9. Nc3 O-O 10. Re1 Ne4 11. Qb3 Qb6 12. Nh4 Bb4 13. Bxe4 Bxe4 14. Bd2
Bxc3 15. Qxc3 h6 16. f3 Bh7 17. Be3 Nf6 18. Bf2 Nd5 19. Qd2 Qb4 20. Red1 Rfd8
21. Ng2 a5 22. Rac1 1/2-1/2

[Event "BL 0304 SC Baden Oos - Bremer SG"]
[Site "Bremen"]
[Date "2003.12.14"]
[Round "6.4"]
[White "Dautov, Rustem"]
[Black "Hjartarson, Johann"]
[Result "1/2-1/2"]
[WhiteElo "2610"]
[BlackElo "2640"]
[PlyCount "120"]
[EventDate "2003.12.13"]

1. d4 Nf6 2. c4 e6 3. Nf3 b6 4. g3 Ba6 5. b3 Bb7 6. Bg2 Bb4+ 7. Bd2 c5 8. Bxb4
cxb4 9. O-O O-O 10. Qd3 d6 11. Nbd2 Qc7 12. e4 e5 13. Ne1 Nc6 14. Nc2 a5 15.
Rfe1 Rfe8 16. Nf1 Nxd4 17. Nxd4 exd4 18. Qxd4 Qc5 19. Rad1 a4 20. f3 axb3 21.
axb3 Red8 22. Re3 Ne8 23. Red3 Rdb8 24. Ne3 g6 25. Kh1 Ra2 26. Nd5 Bxd5 27.
Qxd5 Qf2 28. R3d2 Rxd2 29. Qxd2 Qxd2 30. Rxd2 Ra8 31. Bh3 Kf8 32. Bd7 Ra1+ 33.
Kg2 Nf6 34. Ba4 Ke7 35. Kf2 g5 36. Re2 Ke6 37. Ke3 Rc1 38. Kd4 h6 39. Bc6 Rd1+
40. Ke3 Rb1 41. Kd4 Nd7 42. Bxd7+ Kxd7 43. Re3 Rb2 44. h4 gxh4 45. gxh4 Rh2 46.
e5 Rxh4+ 47. Kd3 Rh2 48. exd6 Kxd6 49. f4 h5 50. Re5 Rb2 51. Rxh5 Rxb3+ 52. Kd4
Rb1 53. Rh6+ Kc7 54. c5 Rd1+ 55. Kc4 bxc5 56. Kxc5 b3 57. Rc6+ Kd7 58. Rb6 Rd3
59. Kc4 Rf3 60. Kd5 Rxf4 1/2-1/2

[Event "BL 0304 SC Baden Oos - Bremer SG"]
[Site "Bremen"]
[Date "2003.12.14"]
[Round "6.5"]
[White "Agrest, Evgenij"]
[Black "Huebner, Robert Dr"]
[Result "1/2-1/2"]
[WhiteElo "2605"]
[BlackElo "2604"]
[PlyCount "75"]
[EventDate "2003.12.13"]

1. Nf3 d5 2. d4 Nf6 3. c4 c6 4. Qb3 dxc4 5. Qxc4 Bf5 6. g3 e6 7. Bg2 Nbd7 8.
O-O Be7 9. Nc3 O-O 10. Re1 Ne4 11. Qb3 Qb6 12. Nh4 Bxh4 13. gxh4 Nxc3 14. Qxc3
Bg6 15. Bf4 Rfe8 16. b3 f6 17. Rad1 Rad8 18. Rd2 Bf7 19. Red1 Nf8 20. Qg3 Rd7
21. Qc3 Red8 22. Bf3 Ng6 23. Bg3 Ne7 24. e4 f5 25. Be5 Ng6 26. h5 Nxe5 27. dxe5
Rxd2 28. Rxd2 fxe4 29. Be2 Qc7 30. Rd4 Qe7 31. Rxe4 Qg5+ 32. Qg3 Qxg3+ 33. hxg3
h6 34. Kf1 Kf8 35. Ke1 Ke7 36. Rg4 Kf8 37. Re4 Ke7 38. Rg4 1/2-1/2

[Event "BL 0304 SC Baden Oos - Bremer SG"]
[Site "Bremen"]
[Date "2003.12.14"]
[Round "6.6"]
[White "Krasenkow, Michal"]
[Black "Stefansson, Hannes"]
[Result "1-0"]
[WhiteElo "2597"]
[BlackElo "2567"]
[PlyCount "71"]
[EventDate "2003.12.13"]

1. Nf3 Nf6 2. c4 e6 3. d4 b6 4. a3 Bb7 5. Nc3 d5 6. cxd5 Nxd5 7. Qc2 Nxc3 8.
bxc3 Be7 9. e4 O-O 10. Bd3 c5 11. O-O Qc8 12. Qe2 Ba6 13. Rd1 Bxd3 14. Rxd3 Nd7
15. e5 cxd4 16. cxd4 Qc4 17. Bg5 Bd8 18. Rad1 Qd5 19. h4 Re8 20. h5 f6 21. Bf4
b5 22. h6 g6 23. exf6 Bxf6 24. Ne5 Rad8 25. Ng4 Rc8 26. Be5 Be7 27. Bg7 Bf8 28.
Bxf8 Kxf8 29. Re3 Re7 30. Qd2 Qd6 31. Qb2 Qd5 32. Qb4 Rce8 33. Rf3+ Kg8 34. Rc1
Qg5 35. Rc7 a5 36. Qd6 1-0

[Event "BL 0304 SC Baden Oos - Bremer SG"]
[Site "Bremen"]
[Date "2003.12.14"]
[Round "6.7"]
[White "Baburin, Alexander"]
[Black "Schmaltz, Roland"]
[Result "0-1"]
[WhiteElo "2541"]
[BlackElo "2519"]
[PlyCount "108"]
[EventDate "2003.12.13"]

1. d4 Nf6 2. c4 e6 3. Nc3 Bb4 4. Qc2 O-O 5. a3 Bxc3+ 6. Qxc3 d6 7. Bg5 Nbd7 8.
Nf3 b6 9. e3 Bb7 10. Nd2 a5 11. f3 a4 12. Bd3 c5 13. O-O Qc7 14. Rac1 Rfc8 15.
Qc2 h6 16. Bh4 cxd4 17. exd4 d5 18. Qd1 Qf4 19. Bf2 Ba6 20. Qe2 dxc4 21. Nxc4
Nd5 22. g3 Qg5 23. h4 Qd8 24. Nd6 Rxc1 25. Rxc1 Bxd3 26. Qxd3 N7f6 27. Ne4 Rc8
28. Nxf6+ gxf6 29. Rc4 Rxc4 30. Qxc4 Qd7 31. Kf1 Kg7 32. Ke2 f5 33. Be3 h5 34.
Bd2 f6 35. Kf2 Kf7 36. Bf4 Ne7 37. Be3 b5 38. Qc5 Qd5 39. Qxd5 Nxd5 40. Bd2 Ke8
41. Kg2 Kf7 42. Kh3 Kg6 43. Bf4 b4 44. axb4 Nxb4 45. Bd6 Nd3 46. Ba3 Ne1 47. f4
Kf7 48. Bb4 Nc2 49. Bc3 Ne3 50. d5 exd5 51. Bd4 Nc2 52. Bb6 Ke6 53. Kg2 d4 54.
Kf3 Kd5 0-1

[Event "BL 0304 SC Baden Oos - Bremer SG"]
[Site "Bremen"]
[Date "2003.12.14"]
[Round "6.8"]
[White "Buhmann, Rainer"]
[Black "Gisbrecht, Ewgeni"]
[Result "1-0"]
[WhiteElo "2532"]
[BlackElo "2441"]
[PlyCount "169"]
[EventDate "2003.12.13"]

1. Nf3 d5 2. d4 c6 3. c4 Nf6 4. e3 a6 5. Nc3 b5 6. cxd5 cxd5 7. Ne5 e6 8. Be2
Be7 9. Bd2 O-O 10. O-O Bb7 11. Nd3 Nbd7 12. b4 Nb6 13. a4 Ne4 14. axb5 Nxc3 15.
Bxc3 axb5 16. Nc5 Bc6 17. Rxa8 Qxa8 18. Qc2 Qb8 19. Ra1 Qc7 20. Ra6 Rb8 21. Ra5
Ra8 22. Rxa8+ Nxa8 23. Qa2 Qb6 24. Be1 Nc7 25. f3 Ne8 26. Qa5 Bd8 27. Qxb6 Bxb6
28. Bg3 Kf8 29. Na6 Ba7 30. Bd3 h6 31. Kf2 Ke7 32. Nb8 Bxb8 33. Bxb8 Nd6 34. g4
Nc4 35. Ba7 g6 36. Bc5+ Ke8 37. h4 e5 38. dxe5 Nxe5 39. Be2 f6 40. Kg3 Kf7 41.
Bd4 Be8 42. Bd1 Ke6 43. Bb3 Nc4 44. Bc2 Na3 45. Bd3 Nc4 46. Bc5 Ne5 47. Bf1 Nc4
48. Bh3 Kf7 49. h5 Bd7 50. Bf1 Ne5 51. Bd4 gxh5 52. gxh5 Nc4 53. Kf4 Kg7 54.
Bd3 Be8 55. Bf5 Bxh5 56. Bd7 Nd6 57. Bc6 Be8 58. Bxd5 Bd7 59. e4 Nc4 60. Kg3
Kg6 61. f4 Be8 62. Kg4 Bd7+ 63. Kf3 Nd6 64. Bc5 Ne8 65. f5+ Kg7 66. Kf4 Nc7 67.
Bb3 Bc6 68. Bd1 Kf7 69. Bh5+ Kg7 70. Bd6 Ne8 71. Be7 Nc7 72. Bd8 Be8 73. Be2
Na6 74. Be7 Nc7 75. Ke3 Bc6 76. Bh5 Be8 77. Bf3 Bf7 78. Kd4 Bc4 79. Kc5 Ne8 80.
Bh5 Bf7 81. Be2 Bc4 82. Bxc4 bxc4 83. Kxc4 Kf7 84. Bc5 Ng7 85. Kd5 1-0

[Event "BL 0304 Stuttgarter Sfr - SV Werder Bremen"]
[Site "Bremen"]
[Date "2003.12.14"]
[Round "6.1"]
[White "McShane, Luke James"]
[Black "Schmittdiel, Eckhard"]
[Result "1-0"]
[WhiteElo "2649"]
[BlackElo "2483"]
[PlyCount "131"]
[EventDate "2003.12.13"]

1. e4 c5 2. Nf3 Nc6 3. Bb5 g6 4. Bxc6 dxc6 5. d3 Bg4 6. Nbd2 Bg7 7. h3 Bxf3 8.
Nxf3 Nf6 9. O-O O-O 10. Qe2 Ne8 11. Be3 b6 12. c3 e5 13. Rfd1 Qe7 14. Rac1 Nc7
15. b4 Ne6 16. Qb2 f5 17. exf5 gxf5 18. Qb3 Kh8 19. Re1 Rg8 20. bxc5 f4 21. Bd4
Bf6 22. Bxe5 Raf8 23. g4 fxg3 24. Bxg3 Qxc5 25. d4 Qf5 26. Qxe6 Qxf3 27. Re3
Qh5 28. Rce1 Rg6 29. Qd7 Rg7 30. Qd6 Qf7 31. Qxf8+ Qxf8 32. Re8 Kg8 33. Rxf8+
Kxf8 34. Re6 Bh4 35. Kg2 c5 36. d5 c4 37. Kf3 Bxg3 38. fxg3 Rg5 39. Rc6 Rxd5
40. Rxc4 Ra5 41. a4 h5 42. Ke3 Kf7 43. Kd3 Rg5 44. g4 hxg4 45. hxg4 Ra5 46. Re4
Kf6 47. Kc2 Kg5 48. Kb3 Ra6 49. Rd4 Ra5 50. c4 Ra6 51. Kb4 Kh4 52. Ka3 Kg5 53.
Kb3 Kh4 54. Rd6 Ra5 55. Rg6 Re5 56. Kc3 Re3+ 57. Kb4 Re1 58. a5 Rb1+ 59. Kc3
Rc1+ 60. Kd4 Rd1+ 61. Ke5 Rc1 62. Kd5 Rd1+ 63. Kc6 bxa5 64. Kb5 Rc1 65. Ra6
Kxg4 66. Rxa5 1-0

[Event "BL 0304 Stuttgarter Sfr - SV Werder Bremen"]
[Site "Bremen"]
[Date "2003.12.14"]
[Round "6.2"]
[White "Berezovsky, Igor"]
[Black "Hracek, Zbynek"]
[Result "1-0"]
[WhiteElo "2444"]
[BlackElo "2578"]
[PlyCount "93"]
[EventDate "2003.12.13"]

1. d4 Nf6 2. c4 e6 3. Nc3 Bb4 4. e3 O-O 5. Nge2 d5 6. a3 Be7 7. cxd5 exd5 8. g3
c6 9. Bg2 Na6 10. O-O Nc7 11. Bd2 Bf5 12. f3 Qd7 13. g4 Bd3 14. Be1 Bc4 15. b3
Ba6 16. Bg3 Nb5 17. Nxb5 Bxb5 18. Re1 Bxe2 19. Qxe2 Bd6 20. Bh4 Ne8 21. Qc2 Nc7
22. Bf1 Rfe8 23. Bd3 g6 24. Qf2 a6 25. h3 Be7 26. Bg3 Bd6 27. Bh4 Be7 28. Bg3
Nb5 29. a4 Nc7 30. Re2 Bd6 31. Bh4 c5 32. dxc5 Bxc5 33. Rc1 Ne6 34. f4 Bb6 35.
a5 Ba7 36. b4 Qd6 37. Rf1 Nxf4 38. Qxf4 Qxf4 39. Rxf4 Rxe3 40. Bf2 Rg3+ 41. Kh2
Bxf2 42. Bc2 Rc8 43. Rexf2 Rcc3 44. h4 Rh3+ 45. Kg2 Rxh4 46. Bd1 Rch3 47. Bf3
1-0

[Event "BL 0304 Stuttgarter Sfr - SV Werder Bremen"]
[Site "Bremen"]
[Date "2003.12.14"]
[Round "6.3"]
[White "Efimenko, Zahar"]
[Black "Steingrimsson, Hedinn"]
[Result "1-0"]
[WhiteElo "2547"]
[BlackElo "2396"]
[PlyCount "111"]
[EventDate "2003.12.13"]

1. e4 e5 2. Nf3 Nc6 3. Bb5 a6 4. Ba4 Nf6 5. O-O Be7 6. Re1 b5 7. Bb3 O-O 8. h3
Bb7 9. d3 d6 10. Bd2 Nd7 11. a3 Bf6 12. Nc3 Ne7 13. Nh2 Ng6 14. Nd5 c5 15. Qg4
Rc8 16. Nf1 c4 17. dxc4 bxc4 18. Ba2 Bxd5 19. exd5 e4 20. Rab1 c3 21. bxc3 Bxc3
22. Qxe4 Nc5 23. Qe3 Be5 24. Qf3 Nh4 25. Qh5 g6 26. Qg5 Bf6 27. Qg4 Nf5 28. Ng3
Nxg3 29. Qxg3 Bh4 30. Qf3 f5 31. Bh6 Rf7 32. g3 Bf6 33. Bc4 Bd4 34. Bd3 Bg7 35.
Bf4 g5 36. Bd2 f4 37. gxf4 Be5 38. Rb4 gxf4 39. Kh1 Kh8 40. Rg1 Qf6 41. Rg4
Nxd3 42. cxd3 h5 43. Rg1 Qf5 44. Re4 Rc2 45. Bb4 Ra2 46. Bxd6 Bxd6 47. Qg2 Qh7
48. Re8+ Bf8 49. Qg5 Qg7 50. Qxh5+ Kg8 51. Rxg7+ Rxg7 52. Qf5 Rf7 53. Qg6+ Rg7
54. Qe6+ Rf7 55. d6 Rxf2 56. d7 1-0